Les 20 villes les plus peuplées du Gard (30) - Statistiques

Statistiques générales
  • Ce quiz a été pris 47 fois
  • Le résultat moyen est 9 sur 20
Statistiques - réponses
HINT HINT ANSWER % Correct
150 444 N Nîmes
100%
45 025 A Alès
93%
15 695 B Beaucaire
80%
8 360 U Uzès
80%
18 124 B Bagnols-sur-Cèze
77%
10 759 P Pont-Saint-Esprit
63%
8 513 L Le Grau-du-Roi
60%
12 950 V Villeneuve-lès-Avignon
57%
14 427 S Saint-Gilles
53%
11 772 V Vauvert
53%
8 707 A Aigues-Mortes
50%
8 370 M Marguerittes
50%
8 694 L Les Angles
37%
7 087 M Manduel
17%
7 929 B Bellegarde
13%
6 142 M Milhaud
13%
6 295 C Calvisson
10%
6 673 L Laudun-l'Ardoise
10%
8 067 R Rochefort-du-Gard
10%
7 199 S Saint-Christol-lez-Alès
10%
Aucun quiz correspondant
Distribution des résultats
% des personnes avec chaque résultat
Percentile par nombre de réponses
Votre historique - résultats
Vous n’avez pas pris ce quiz